04889 2201945 4500001002100000008004100021035002000062245005500082260002800137300002000165020001800185084001800203082001100221650001100232990001800243990001800261990001800279990001800297990001800315990001800333990001800351990001800369990001800387990001800405990001800423990001800441990001800459990001800477990001800495990001800513990001800531990001800549990001800567990001800585990001800603990001800621990001800639990001800657990001800675990001800693990001800711990001800729990001800747990001800765990001800783990001800801990001800819990001800837990001800855990001800873990001800891990001800909990001800927990001800945990001800963990001800981990001800999990001801017990001801035990001801053990001801071990001801089990001801107990001801125990001801143990001801161990001801179990001801197990001801215990001801233990001801251990001801269990001801287990001801305990001801323990001801341990001801359990001801377990001801395990001801413990001801431990001801449990001801467990001801485990001801503990001801521990001801539990001801557990001801575990001801593990001801611990001801629990001801647990001801665990001801683990001801701990001801719990001801737990001801755990001801773990001801791990001801809990001801827990001801845990001801863990001801881990001801899990001801917990001801935990001801953990001801971990001801989990001802007990001802025990001802043990001802061990001802079990001802097990001802115990001802133990001802151990001802169990001802187990001802205990001802223990001802241990001802259990001802277990001802295990001802313990001802331990001802349990001802367990001802385990001802403990001802421990001802439990001802457990001802475990001802493990001802511990001802529990001802547990001802565990001802583990001802601990001802619990001802637990001802655990001802673990001802691990001802709990001802727990001802745990001802763990001802781990001802799990001802817990001802835990001802853990001802871990001802889990001802907990001802925INLIS000000000000059 IND  a0010-1025000005 aSIAGA TKAbBAHASA INDONESIA MATEMATIKAcMIFTAHUDIN aJAKARTAbERLANGGAc2025 a216c21 X 26 CM a9786235227771 a410.510 MIF s a410.51 aBAHASA aTKA ERL.21252 aTKA ERL.21253 aTKA ERL.21254 aTKA ERL.21255 aTKA ERL.21256 aTKA ERL.21257 aTKA ERL.21258 aTKA ERL.21259 aTKA ERL.21260 aTKA ERL.21261 aTKA ERL.21262 aTKA ERL.21263 aTKA ERL.21264 aTKA ERL.21265 aTKA ERL.21266 aTKA ERL.21267 aTKA ERL.21268 aTKA ERL.21269 aTKA ERL.21270 aTKA ERL.21271 aTKA ERL.21272 aTKA ERL.21273 aTKA ERL.21274 aTKA ERL.21275 aTKA ERL.21276 aTKA ERL.21277 aTKA ERL.21278 aTKA ERL.21279 aTKA ERL.21280 aTKA ERL.21281 aTKA ERL.21282 aTKA ERL.21283 aTKA ERL.21284 aTKA ERL.21285 aTKA ERL.21286 aTKA ERL.21287 aTKA ERL.21288 aTKA ERL.21289 aTKA ERL.21290 aTKA ERL.21291 aTKA ERL.21292 aTKA ERL.21293 aTKA ERL.21294 aTKA ERL.21295 aTKA ERL.21296 aTKA ERL.21297 aTKA ERL.21298 aTKA ERL.21299 aTKA ERL.21300 aTKA ERL.21301 aTKA ERL.21302 aTKA ERL.21303 aTKA ERL.21304 aTKA ERL.21305 aTKA ERL.21306 aTKA ERL.21307 aTKA ERL.21308 aTKA ERL.21309 aTKA ERL.21310 aTKA ERL.21311 aTKA ERL.21312 aTKA ERL.21313 aTKA ERL.21314 aTKA ERL.21315 aTKA ERL.21316 aTKA ERL.21317 aTKA ERL.21318 aTKA ERL.21319 aTKA ERL.21320 aTKA ERL.21321 aTKA ERL.21322 aTKA ERL.21323 aTKA ERL.21324 aTKA ERL.21325 aTKA ERL.21326 aTKA ERL.21327 aTKA ERL.21328 aTKA ERL.21329 aTKA ERL.21330 aTKA ERL.21331 aTKA ERL.21332 aTKA ERL.21333 aTKA ERL.21334 aTKA ERL.21335 aTKA ERL.21336 aTKA ERL.21337 aTKA ERL.21338 aTKA ERL.21339 aTKA ERL.21340 aTKA ERL.21341 aTKA ERL.21342 aTKA ERL.21343 aTKA ERL.21344 aTKA ERL.21345 aTKA ERL.21346 aTKA ERL.21347 aTKA ERL.21348 aTKA ERL.21349 aTKA ERL.21350 aTKA ERL.21351 aTKA ERL.21352 aTKA ERL.21353 aTKA ERL.21354 aTKA ERL.21355 aTKA ERL.21356 aTKA ERL.21357 aTKA ERL.21358 aTKA ERL.21359 aTKA ERL.21360 aTKA ERL.21361 aTKA ERL.21362 aTKA ERL.21363 aTKA ERL.21364 aTKA ERL.21365 aTKA ERL.21366 aTKA ERL.21367 aTKA ERL.21368 aTKA ERL.21369 aTKA ERL.21370 aTKA ERL.21371 aTKA ERL.21372 aTKA ERL.21373 aTKA ERL.21374 aTKA ERL.21375 aTKA ERL.21376 aTKA ERL.21377 aTKA ERL.21378 aTKA ERL.21379 aTKA ERL.21380 aTKA ERL.21381 aTKA ERL.21382 aTKA ERL.21383 aTKA ERL.21384 aTKA ERL.21385 aTKA ERL.21386 aTKA ERL.21387 aTKA ERL.21388 aTKA ERL.21389 aTKA ERL.21390 aTKA ERL.21391 aTKA ERL.21392 aTKA ERL.21393 aTKA ERL.21394 aTKA ERL.21395 aTKA ERL.21396 aTKA ERL.21397 aTKA ERL.21398 aTKA ERL.21399 aTKA ERL.21250 aTKA ERL.21251